000 00427nam a2200181Ia 4500
001 17926
005 20260306171553.0
008 260306s9999||||xx |||||||||||||| ||und||
041 _aESP
082 _a658.3
_bF43
100 _aFerreiro, Pablo
_eAUT
245 0 _aGobierno de personas en la empresa
260 _c2001
300 _a303 páginas :
_c24 cm.
650 _aGEN
654 _aCAN
942 _cLIB
_dJUS
_fJUS
_2ddc
_n
999 _c17926
_d17926